[Event "2022 Mary Thomson Cup (Division C)"]
[Site "Woodvale, Perth WA AUS"]
[Date "2022.02.09"]
[Round "2"]
[White "Massam, Justin"]
[Black "Boswarva, Ernest"]
[Result "0-1"]
[WhiteElo "1424"]
[BlackElo "1423"]
[PlyCount "84"]
[EventDate "2022.02.02"]
[EventType "tourn"]
[EventRounds "7"]
[EventCountry "AUS"]

1. d4 d5 2. Nf3 Nf6 3. Bf4 c5 4. dxc5 e6 5. Nc3 Bxc5 6. e3 O-O 7. Bd3 Nc6 8. a3
Nh5 9. Ng5 g6 10. Nf3 Nxf4 11. exf4 Qb6 12. O-O Bd6 13. Qc1 Qc7 14. Nb5 Qb8 15.
Nxd6 Qxd6 16. Re1 Re8 17. Ne5 Nxe5 18. fxe5 Qb6 19. b4 Bd7 20. Qd2 Ba4 21. Rab1
Rac8 22. b5 Rc5 23. Qb4 Bxc2 24. Rbc1 Rec8 25. Qd2 Bxd3 26. Rxc5 Rxc5 27. Qxd3
Qxb5 28. Qe3 d4 29. Qxd4 Qa5 30. Qa1 Qc3 31. Qd1 Rxe5 32. Rxe5 Qxe5 33. g3 b5
34. Qd7 Qa1+ 35. Kg2 Qxa3 36. Qxb5 a5 37. Qb8+ Qf8 38. Qa7 Qb4 39. Qa8+ Kg7 40.
Kf3 a4 41. Ke3 a3 42. Kd3 Qb2 0-1

[Event "2022 Mary Thomson Cup (Division D)"]
[Site "Woodvale, Perth WA AUS"]
[Date "2022.02.09"]
[Round "2"]
[White "Rennie, Mike"]
[Black "Kwenda, Ridge"]
[Result "1-0"]
[WhiteElo "818"]
[BlackElo "913"]
[PlyCount "88"]
[EventDate "2022.02.02"]
[EventType "tourn"]
[EventRounds "7"]
[EventCountry "AUS"]

1. e4 d6 2. d3 e5 3. Nf3 Nf6 4. Ng5 Bg4 5. Be2 Be7 6. Bxg4 Nxg4 7. Qxg4 Nc6 8.
Qf3 Bxg5 9. Bxg5 Qxg5 10. Nd2 Nd4 11. Qd1 Qxg2 12. Rf1 O-O 13. c3 Ne6 14. Nf3
b5 15. Rg1 Qh3 16. Ng5 Qxh2 17. Nf3 Qh3 18. Ng5 Nxg5 19. Rxg5 Qh1+ 20. Kd2 Qh6
21. Qg4 f6 22. Qe6+ Rf7 23. Qd5 Rb8 24. f4 fxg5 25. Rf1 Qh2+ 26. Ke1 gxf4 27.
Qe6 Qg3+ 28. Rf2 Qe3+ 29. Re2 f3 30. Rxe3 Kf8 31. Kf2 Re8 32. Qh3 Re6 33. Qxe6
Rf6 34. Rxf3 Rxf3+ 35. Kxf3 h5 36. Qf5+ Kg8 37. Qxh5 c5 38. Qe8+ Kh7 39. Qxb5
Kh6 40. Qd7 g5 41. Qxd6+ Kh5 42. Qxe5 Kh4 43. Qg3+ Kh5 44. Qg4+ Kg6 1-0

[Event "2022 Mary Thomson Cup (Division D)"]
[Site "Woodvale, Perth WA AUS"]
[Date "2022.02.09"]
[Round "2"]
[White "Muller, Norbert"]
[Black "Young, Manfred"]
[Result "1-0"]
[WhiteElo "1202"]
[BlackElo "1127"]
[PlyCount "73"]
[EventDate "2022.02.02"]
[EventType "tourn"]
[EventRounds "7"]
[EventCountry "AUS"]

1. e4 c5 2. Nf3 d6 3. d4 cxd4 4. Nxd4 e5 5. Nf3 a6 6. Bc4 Bg4 7. O-O Nf6 8. Qd3
h6 9. Re1 Nbd7 10. b4 Be7 11. Nc3 Rc8 12. Nd5 Bxf3 13. gxf3 Nxd5 14. Bxd5 b5
15. Kf1 O-O 16. Ke2 Nf6 17. Rg1 Nh5 18. Bxh6 Kh7 19. Be3 g6 20. Rac1 Bf6 21. c4
Nf4+ 22. Bxf4 exf4 23. cxb5 Rxc1 24. Rxc1 Qb6 25. Rc6 Qxb5 26. Qxb5 axb5 27.
Rb6 Be5 28. Rxb5 Kg7 29. a4 Rc8 30. a5 f6 31. a6 Rc2+ 32. Kf1 Bd4 33. Rb7+ Kh6
34. a7 Rxf2+ 35. Ke1 Rxh2 36. a8=Q Rh1+ 37. Ke2 1-0

[Event "2022 Mary Thomson Cup (Division A)"]
[Site "Woodvale, Perth WA AUS"]
[Date "2022.02.16"]
[Round "3"]
[White "Saxon, Marc"]
[Black "Maggs, Derwent"]
[Result "0-1"]
[WhiteElo "1979"]
[BlackElo "2292"]
[PlyCount "70"]
[EventDate "2022.02.02"]
[EventType "swiss"]
[EventRounds "7"]
[EventCountry "AUS"]

1. e4 c5 2. Nf3 d6 3. d4 cxd4 4. Nxd4 Nf6 5. Nc3 a6 6. Bg5 Nbd7 7. f4 Qc7 8.
Qf3 h6 9. Bh4 g5 10. fxg5 hxg5 11. Bxg5 Qc5 12. Be3 Ne5 13. Qe2 Qb4 14. O-O-O
Neg4 15. Bg5 Bg7 16. Nd5 Nxd5 17. exd5 Ne5 18. h3 Bg4 19. Nf3 Rc8 20. c3 Rh5
21. Qe3 Qa4 22. Be2 Bxf3 23. gxf3 Ng6 24. f4 Rh8 25. h4 f6 26. Qe6 Rc7 27. Bd3
Nf8 28. Qe2 Qxa2 29. Rde1 fxg5 30. fxg5 Qxd5 31. Rd1 Qa5 32. Kc2 Qa4+ 33. Kc1
Rxh4 34. Rhf1 Qa1+ 35. Kc2 Rxc3+ 0-1

[Event "2022 Mary Thomson Cup (Division A)"]
[Site "Woodvale, Perth WA AUS"]
[Date "2022.02.16"]
[Round "3"]
[White "Maris, Rob"]
[Black "Clarke, Daniel"]
[Result "1-0"]
[WhiteElo "2093"]
[BlackElo "1748"]
[PlyCount "57"]
[EventDate "2022.02.02"]
[EventType "swiss"]
[EventRounds "7"]
[EventCountry "AUS"]

1. c4 Nf6 2. Nf3 e6 3. g3 d5 4. Bg2 Be7 5. O-O O-O 6. b3 Re8 7. Bb2 b6 8. d4
Bb7 9. Nc3 c5 10. e3 dxc4 11. bxc4 a6 12. Qe2 Qc7 13. Rac1 Nbd7 14. Rfd1 Ne4
15. d5 Nxc3 16. Bxc3 exd5 17. cxd5 Bd6 18. Qb2 f6 19. Bh3 Ne5 20. Nh4 c4 21.
Bd4 b5 22. f4 Nd7 23. Be6+ Kh8 24. Nf5 Rxe6 25. dxe6 Qc6 26. Nxd6 Qh1+ 27. Kf2
Qxh2+ 28. Ke1 Qxg3+ 29. Qf2 1-0

[Event "2022 Mary Thomson Cup (Division A)"]
[Site "Woodvale, Perth WA AUS"]
[Date "2022.02.16"]
[Round "3"]
[White "List, Ross"]
[Black "Davoll, Josh"]
[Result "1/2-1/2"]
[WhiteElo "1826"]
[BlackElo "1818"]
[PlyCount "72"]
[EventDate "2022.02.02"]
[EventType "swiss"]
[EventRounds "7"]
[EventCountry "AUS"]

1. Nf3 d5 2. d4 Nf6 3. c4 e6 4. g3 b6 5. Bg2 Bd6 6. O-O O-O 7. Nbd2 Bb7 8. Qc2
Nbd7 9. b3 e5 10. dxe5 Nxe5 11. Bb2 Re8 12. Rad1 dxc4 13. Nxe5 Bxg2 14. Kxg2
Bxe5 15. Nxc4 Bd6 16. Nxd6 cxd6 17. Qd3 Qe7 18. e3 Rad8 19. Qf5 Qe4+ 20. Qxe4
Nxe4 21. Rc1 Nc5 22. Rfd1 Rd7 23. Rc4 d5 24. Rcd4 Red8 25. f3 f6 26. Bc3 Kf7
27. Be1 Ne6 28. R4d3 d4 29. Bf2 Ke7 30. exd4 Nc7 31. Rc3 Nd5 32. Rc4 Rc7 33.
Rxc7+ Nxc7 34. Rc1 Nd5 35. Kf1 Rd7 36. a3 Rc7 1/2-1/2

[Event "2022 Mary Thomson Cup (Division A)"]
[Site "Woodvale, Perth WA AUS"]
[Date "2022.02.16"]
[Round "3"]
[White "Leonhardt, Wolfgang"]
[Black "Barry, David"]
[Result "0-1"]
[WhiteElo "1805"]
[BlackElo "1834"]
[PlyCount "64"]
[EventDate "2022.02.02"]
[EventType "swiss"]
[EventRounds "7"]
[EventCountry "AUS"]

1. d4 Nf6 2. Nf3 d5 3. c4 e6 4. a3 dxc4 5. Nc3 a6 6. e4 b5 7. Bg5 Be7 8. Be2
Bb7 9. Qc2 O-O 10. O-O Nbd7 11. Rad1 Qe8 12. Rfe1 Rd8 13. h3 Nb6 14. Bf4 Qd7
15. Ne5 Qc8 16. Ng4 c5 17. dxc5 Rxd1 18. Rxd1 Qxc5 19. Be3 Qc7 20. Bf3 Nxg4 21.
Bxg4 Nd7 22. Be2 Rd8 23. Rd2 Nc5 24. Bxc5 Bxc5 25. Rxd8+ Qxd8 26. Kf1 Qd4 27.
Bf3 g6 28. Qe2 Bxa3 29. Nxb5 axb5 30. bxa3 Qa1+ 31. Qd1 Qxd1+ 32. Bxd1 Bxe4 0-1

[Event "2022 Mary Thomson Cup (Division B)"]
[Site "Woodvale, Perth WA AUS"]
[Date "2022.02.16"]
[Round "3"]
[White "Gough, Dylan"]
[Black "Walker, Colin"]
[Result "1/2-1/2"]
[WhiteElo "1699"]
[BlackElo "1425"]
[PlyCount "82"]
[EventDate "2022.02.02"]
[EventType "tourn"]
[EventRounds "7"]
[EventCountry "AUS"]

1. d4 d6 2. c4 c6 3. Nc3 Nf6 4. Nf3 h6 5. e4 Bg4 6. Be2 Nbd7 7. h3 Bh5 8. Bf4
Bg6 9. e5 dxe5 10. dxe5 Ne4 11. Nxe4 Bxe4 12. Qd4 Bxf3 13. Bxf3 e6 14. O-O Nb6
15. Qc3 Qh4 16. g4 Qe7 17. Be3 Qb4 18. Qxb4 Bxb4 19. a3 Be7 20. Bxb6 axb6 21.
Rad1 Rd8 22. Rxd8+ Kxd8 23. Rd1+ Kc7 24. Be4 Rd8 25. Rxd8 Bxd8 26. b4 Be7 27.
Kf1 g6 28. Ke2 Bg5 29. a4 Bf4 30. Kd3 Bxe5 31. Ke3 Bd6 32. b5 cxb5 33. axb5 Be7
34. f3 Bc5+ 35. Ke2 Kd6 36. f4 g5 37. Kf3 e5 38. f5 f6 39. Bxb7 Bd4 40. Bd5 Kc5
41. Ke4 Bf2 1/2-1/2

[Event "2022 Mary Thomson Cup (Division B)"]
[Site "Woodvale, Perth WA AUS"]
[Date "2022.02.16"]
[Round "3"]
[White "Hintz, Steven"]
[Black "Doshi, Chirag"]
[Result "0-1"]
[WhiteElo "1558"]
[BlackElo "1760"]
[PlyCount "109"]
[EventDate "2022.02.02"]
[EventType "tourn"]
[EventRounds "7"]
[EventCountry "AUS"]

1. d4 c6 2. c4 d5 3. cxd5 cxd5 4. Nc3 a6 5. Bf4 e6 6. e3 Nc6 7. Nf3 Nf6 8. h3
Bd6 9. Bxd6 Qxd6 10. a3 O-O 11. Bd3 b5 12. b4 Bb7 13. Rb1 e5 14. dxe5 Nxe5 15.
Nxe5 Qxe5 16. Ne2 Qg5 17. Nf4 d4 18. O-O dxe3 19. fxe3 Rad8 20. Qe2 Nd5 21.
Nxd5 Qxd5 22. Bc2 Qg5 23. Rf5 Qe7 24. Rbf1 Bd5 25. Re1 Be4 26. Bxe4 Qxe4 27.
Rc5 Rd3 28. a4 bxa4 29. Rc6 Rfd8 30. Rc2 g6 31. Qf2 Qxb4 32. Rf1 R3d7 33. Qf6
Qb3 34. Rc3 Qd5 35. Qxa6 Ra8 36. Qc4 Qxc4 37. Rxc4 a3 38. Ra1 Rd2 39. Kh2 a2
40. Rb4 Rc8 41. Kg3 Rcc2 42. Kf4 Rxg2 43. Ke5 Kg7 44. Rb7 Rh2 45. Rf1 Rhf2 46.
Rxf2 Rxf2 47. Ra7 Kh6 48. Ra3 Kg5 49. e4 f6+ 50. Ke6 f5 51. e5 f4 52. Kf7 Re2
53. e6 f3 54. e7 f2 55. Ra5+ 0-1

[Event "2022 Mary Thomson Cup (Division B)"]
[Site "Woodvale, Perth WA AUS"]
[Date "2022.02.16"]
[Round "3"]
[White "Howard, Mark"]
[Black "Leech, Martin"]
[Result "0-1"]
[WhiteElo "1473"]
[BlackElo "1430"]
[PlyCount "48"]
[EventDate "2022.02.02"]
[EventType "tourn"]
[EventRounds "7"]
[EventCountry "AUS"]

1. e4 e6 2. d4 d5 3. exd5 exd5 4. h3 Nf6 5. Nf3 Nc6 6. Nc3 Bd6 7. Bg5 Be6 8.
Be2 h6 9. Bd2 Qd7 10. Bb5 a6 11. Bxc6 Qxc6 12. Be3 O-O-O 13. a3 Ne4 14. Nxe4
dxe4 15. Nd2 Rhe8 16. b3 f5 17. g3 g5 18. c4 f4 19. d5 Bxd5 20. cxd5 Qxd5 21.
gxf4 gxf4 22. Qg4+ Kb8 23. Bxf4 Bxf4 24. Qxf4 e3 0-1

[Event "2022 Mary Thomson Cup (Division B)"]
[Site "Woodvale, Perth WA AUS"]
[Date "2022.02.16"]
[Round "3"]
[White "Weijermars, Tristan"]
[Black "Oswald, Franz"]
[Result "1-0"]
[WhiteElo "1459"]
[BlackElo "1505"]
[PlyCount "95"]
[EventDate "2022.02.02"]
[EventType "tourn"]
[EventRounds "7"]
[EventCountry "AUS"]

1. Nc3 Nf6 2. f4 d5 3. e3 Bf5 4. Nf3 e6 5. b3 Nbd7 6. Bb2 Be7 7. Be2 c5 8. d3
a6 9. Nh4 Bg6 10. Nxg6 hxg6 11. Bf3 Rb8 12. Qd2 b5 13. Ne2 Nb6 14. Ng3 O-O 15.
O-O b4 16. e4 dxe4 17. Nxe4 Nxe4 18. Bxe4 c4 19. Qe2 c3 20. Bc1 Nd5 21. Qf3
Qb6+ 22. Kh1 Rbd8 23. Bxd5 Rxd5 24. a4 Bc5 25. Re1 a5 26. Be3 Bxe3 27. Rxe3
Rfd8 28. Rae1 Rd4 29. R1e2 R8d5 30. Re5 Qd8 31. Rxd5 Qxd5 32. Qxd5 Rxd5 33. g4
Kf8 34. Kg2 Ke7 35. Kf3 Kd6 36. h4 f5 37. g5 e5 38. Rh2 exf4 39. Kxf4 Rd4+ 40.
Kg3 Rg4+ 41. Kh3 Rg1 42. Re2 Kd5 43. Rg2 Re1 44. Rf2 Ke5 45. Kg2 Kd4 46. Kf3
Re3+ 47. Kg2 Re1 48. Rf3 1-0

[Event "2022 Mary Thomson Cup (Division C)"]
[Site "Woodvale, Perth WA AUS"]
[Date "2022.02.16"]
[Round "3"]
[White "Boswarva, Ernest"]
[Black "Powell, Darren"]
[Result "1-0"]
[WhiteElo "1423"]
[BlackElo "1210"]
[PlyCount "61"]
[EventDate "2022.02.02"]
[EventType "tourn"]
[EventRounds "7"]
[EventCountry "AUS"]

1. d4 d5 2. e3 Nf6 3. Bd3 e6 4. Nd2 Nc6 5. f4 Bb4 6. c3 Ba5 7. Ngf3 Bd7 8. Ne5
Qe7 9. O-O O-O-O 10. b4 Bb6 11. a4 a5 12. bxa5 Nxa5 13. Ba3 Qe8 14. Nxd7 Rxd7
15. Qb1 Qd8 16. Bc5 Ng4 17. Bxb6 Qh4 18. h3 Qg3 19. hxg4 Qxe3+ 20. Rf2 cxb6 21.
Nf1 Qxf2+ 22. Kxf2 Rd6 23. Nd2 g6 24. Qb4 Kc7 25. Nb3 Nc6 26. Qa3 Ra8 27. Bb5
Na5 28. Nxa5 bxa5 29. Rc1 b6 30. c4 Rad8 31. c5 1-0

[Event "2022 Mary Thomson Cup (Division C)"]
[Site "Woodvale, Perth WA AUS"]
[Date "2022.02.16"]
[Round "3"]
[White "Hounsome, David"]
[Black "Massam, Justin"]
[Result "0-1"]
[WhiteElo "1378"]
[BlackElo "1424"]
[PlyCount "46"]
[EventDate "2022.02.02"]
[EventType "tourn"]
[EventRounds "7"]
[EventCountry "AUS"]

1. d4 d5 2. e3 Nf6 3. Bd3 Nc6 4. c3 e5 5. dxe5 Nxe5 6. Bc2 c6 7. Nf3 Bg4 8.
Nbd2 Nxf3+ 9. Nxf3 Bd6 10. h3 Bh5 11. g4 Bg6 12. Bxg6 hxg6 13. Qc2 Nxg4 14. Rg1
Nf6 15. h4 Ne4 16. Bd2 Qf6 17. Qd1 Rxh4 18. Qe2 Rh5 19. O-O-O O-O-O 20. Be1
Rdh8 21. Nd4 Rh2 22. Rf1 Kb8 23. Nf3 Ng3 0-1

[Event "2022 Mary Thomson Cup (Division C)"]
[Site "Woodvale, Perth WA AUS"]
[Date "2022.02.16"]
[Round "3"]
[White "Michael, Ashley"]
[Black "Brooke, John"]
[Result "0-1"]
[WhiteElo "1334"]
[BlackElo "1291"]
[PlyCount "70"]
[EventDate "2022.02.02"]
[EventType "tourn"]
[EventRounds "7"]
[EventCountry "AUS"]

1. e4 c5 2. c3 e5 3. Nf3 Nc6 4. d4 Qc7 5. d5 Nd8 6. Nbd2 d6 7. b3 Nf6 8. Bd3 h6
9. O-O a6 10. a4 Bd7 11. Nc4 b5 12. axb5 Bxb5 13. Nxd6+ Bxd6 14. Bxb5+ Ke7 15.
Rxa6 Rxa6 16. Bxa6 Nxe4 17. Bd3 Nf6 18. c4 Re8 19. Re1 Kf8 20. b4 Nb7 21. Nd2
Qb8 22. Ne4 Nxe4 23. Bxe4 Kg8 24. Qg4 Kf8 25. Qf5 Ke7 26. Qh7 Rg8 27. Qf5 Qf8
28. f4 g6 29. Qg4 f5 30. Qh4+ Kd7 31. fxe5 Bxe5 32. Bxh6 Qd6 33. Bf3 Rh8 34.
Qg5 Nd8 35. Qe3 Bd4 0-1

[Event "2022 Mary Thomson Cup (Division C)"]
[Site "Woodvale, Perth WA AUS"]
[Date "2022.02.16"]
[Round "3"]
[White "Knight, Charles"]
[Black "Lanham, Bruce"]
[Result "1-0"]
[WhiteElo "1322"]
[BlackElo "1220"]
[PlyCount "87"]
[EventDate "2022.02.02"]
[EventType "tourn"]
[EventRounds "7"]
[EventCountry "AUS"]

1. d4 d5 2. Bf4 Nf6 3. e3 e6 4. c3 c5 5. Nd2 Bd6 6. Bg3 cxd4 7. exd4 Nbd7 8.
Ngf3 Bxg3 9. hxg3 Qb6 10. Rb1 Ne4 11. Bd3 Nxd2 12. Qxd2 h6 13. Qf4 Nf8 14. Ne5
f6 15. Ng6 Nxg6 16. Bxg6+ Ke7 17. Rh5 Bd7 18. Qe3 Rac8 19. Rxd5 Be8 20. Bc2 Bf7
21. Rc5 Rxc5 22. dxc5 Qc7 23. Ba4 Qe5 24. Qxe5 fxe5 25. Kd2 g5 26. Re1 Kf6 27.
b4 Rd8+ 28. Ke3 Bg6 29. Rc1 h5 30. Bc2 Bf5 31. a4 e4 32. Bxe4 Bxe4 33. Kxe4 e5
34. b5 Rd2 35. c6 bxc6 36. bxc6 Rd8 37. Rb1 Ke6 38. Rb5 Kd6 39. Rd5+ Kc7 40.
Rxd8 Kxd8 41. Kxe5 Kc7 42. Kd5 a5 43. f4 gxf4 44. gxf4 1-0

[Event "2022 Mary Thomson Cup (Division D)"]
[Site "Woodvale, Perth WA AUS"]
[Date "2022.02.16"]
[Round "3"]
[White "Gough, Sebastian"]
[Black "Rennie, Mike"]
[Result "1-0"]
[WhiteElo "668"]
[BlackElo "818"]
[PlyCount "53"]
[EventDate "2022.02.02"]
[EventType "tourn"]
[EventRounds "7"]
[EventCountry "AUS"]

1. d4 d5 2. Bf4 e6 3. Nf3 Bd6 4. Qd2 Qf6 5. Ne5 Qf5 6. Nc3 Nc6 7. Qe3 Nb4 8.
Rc1 Nxc2+ 9. Rxc2 Qxc2 10. Qd2 Qf5 11. Qe3 Bb4 12. f3 Qb1+ 13. Qc1 Qf5 14. g4
Qf6 15. Bg5 Be7 16. Bxf6 Bxf6 17. g5 Be7 18. Qf4 f6 19. gxf6 gxf6 20. Nd3 Bd6
21. Qh4 Be7 22. Qh5+ Kd8 23. e4 f5 24. exd5 Nf6 25. Qf7 exd5 26. Nxd5 Rf8 27.
Qxe7# 1-0

[Event "2022 Mary Thomson Cup (Division D)"]
[Site "Woodvale, Perth WA AUS"]
[Date "2022.02.16"]
[Round "3"]
[White "Markou, Victor"]
[Black "Frankland, David"]
[Result "1/2-1/2"]
[WhiteElo "1108"]
[BlackElo "1003"]
[PlyCount "64"]
[EventDate "2022.02.02"]
[EventType "tourn"]
[EventRounds "7"]
[EventCountry "AUS"]

1. e4 e5 2. Nf3 d6 3. g3 Nf6 4. d3 h6 5. Bg2 Nc6 6. O-O Bg4 7. Nbd2 Nd4 8. c3
Bxf3 9. Nxf3 Nxf3+ 10. Qxf3 Qd7 11. Re1 Be7 12. d4 Qg4 13. Qxg4 Nxg4 14. Bh3 h5
15. f3 Nf6 16. f4 Ng4 17. Bd2 O-O-O 18. Rad1 Kb8 19. Rf1 exd4 20. cxd4 d5 21.
e5 c5 22. Bc3 Ne3 23. dxc5 Nxd1 24. Rxd1 Bxc5+ 25. Kh1 d4 26. Bd2 b6 27. Rc1 g6
28. b4 Be7 29. Bf1 f5 30. exf6 Bxf6 31. Rc6 Rdf8 32. Bd3 Rhg8 {Scoresheet
illegible. Draw was agreed around move 70.} 1/2-1/2

[Event "2022 Mary Thomson Cup (Division D)"]
[Site "Woodvale, Perth WA AUS"]
[Date "2022.02.16"]
[Round "3"]
[White "Kwenda, Ridge"]
[Black "Muller, Norbert"]
[Result "1-0"]
[WhiteElo "913"]
[BlackElo "1202"]
[PlyCount "41"]
[EventDate "2022.02.02"]
[EventType "tourn"]
[EventRounds "7"]
[EventCountry "AUS"]

1. e4 e5 2. d3 Nf6 3. Nf3 Nc6 4. Bg5 Be7 5. Be2 d5 6. Nc3 d4 7. Na4 b5 8. Bxf6
gxf6 9. c4 Bb4+ 10. Kf1 bxa4 11. Qxa4 Qd7 12. a3 Ba5 13. b4 Bb6 14. c5 Bb7 15.
cxb6 axb6 16. Qb3 Rg8 17. Nh4 O-O-O 18. Nf5 Rg6 19. Bh5 Rg5 20. Bxf7 Ne7 21.
Be6 1-0

[Event "2022 Mary Thomson Cup (Division A)"]
[Site "Woodvale, Perth WA AUS"]
[Date "2022.02.23"]
[Round "4"]
[White "Maggs, Derwent"]
[Black "Maris, Rob"]
[Result "1-0"]
[WhiteElo "2292"]
[BlackElo "2093"]
[PlyCount "59"]
[EventDate "2022.02.02"]
[EventType "swiss"]
[EventRounds "7"]
[EventCountry "AUS"]

1. d4 Nf6 2. c4 e6 3. Nf3 b6 4. g3 Bb7 5. Bg2 Bb4+ 6. Nbd2 O-O 7. O-O Be7 8.
Re1 d5 9. cxd5 exd5 10. Nh4 g6 11. Ndf3 Ne4 12. Bf1 c5 13. a3 Nc6 14. Bh6 Re8
15. dxc5 bxc5 16. Ng2 Bf6 17. Ne3 d4 18. Nc4 Qd5 19. Rc1 g5 20. Bh3 Ne7 21. Na5
Bc8 22. Bg2 Qf5 23. h4 g4 24. Bf4 gxf3 25. exf3 Nxf2 26. Kxf2 Be6 27. Qc2 Rac8
28. Qxf5 Nxf5 29. Nc4 Ne3 30. Nd6 1-0

[Event "2022 Mary Thomson Cup (Division A)"]
[Site "Woodvale, Perth WA AUS"]
[Date "2022.02.23"]
[Round "4"]
[White "Plaganyi, Gyula"]
[Black "List, Ross"]
[Result "1-0"]
[WhiteElo "1748"]
[WhiteTitle "CM"]
[BlackElo "1826"]
[PlyCount "137"]
[EventDate "2022.02.02"]
[EventType "swiss"]
[EventRounds "7"]
[EventCountry "AUS"]

1. e4 e6 2. d3 d5 3. Nd2 Nf6 4. Ngf3 a5 5. g3 Nc6 6. Bg2 dxe4 7. dxe4 e5 8. O-O
a4 9. c3 Bc5 10. Qc2 O-O 11. Nc4 Qe7 12. Be3 Ng4 13. Rfe1 b5 14. Bxc5 Qxc5 15.
Ne3 Nxe3 16. Rxe3 Bg4 17. Rc1 Na5 18. b4 axb3 19. axb3 Qe7 20. Nd2 Be6 21. c4
b4 22. h3 Nc6 23. Nf3 Ra5 24. Qb2 Rfa8 25. Qd2 Ra2 26. Rc2 R2a3 27. Rb2 f6 28.
Kh2 Na5 29. Rd3 Nc6 30. Ne1 Rd8 31. Rxd8+ Nxd8 32. Nc2 Ra8 33. Qxb4 Qxb4 34.
Nxb4 Rb8 35. Nd5 c6 36. Ne3 c5 37. Bf1 Nc6 38. Nd5 Bd7 39. Bd3 Kf7 40. Rb1 Rb7
41. Kg2 Ke6 42. f4 Kd6 43. f5 Be8 44. Kf2 Bd7 45. Ke3 Be8 46. Kd2 Bd7 47. Kc3
Nb4 48. Nxb4 cxb4+ 49. Kd2 Ra7 50. Ke3 Bc6 51. Rb2 Kc5 52. Rd2 Ra8 53. Bc2 h6
54. g4 Ra6 55. h4 Ra8 56. Rg2 Rh8 57. Rg3 Be8 58. Rg1 Bc6 59. Ra1 h5 60. g5
fxg5 61. hxg5 Kd6 62. g6 h4 63. Rh1 Be8 64. Bd1 Ke7 65. Bg4 Kf6 66. Bh3 Bd7 67.
Rd1 Bc8 68. Rd6+ Ke7 69. Rb6 1-0

[Event "2022 Mary Thomson Cup (Division A)"]
[Site "Woodvale, Perth WA AUS"]
[Date "2022.02.23"]
[Round "4"]
[White "Davoll, Josh"]
[Black "Saxon, Marc"]
[Result "1-0"]
[WhiteElo "1818"]
[BlackElo "1979"]
[PlyCount "87"]
[EventDate "2022.02.02"]
[EventType "swiss"]
[EventRounds "7"]
[EventCountry "AUS"]

1. e4 e5 2. Nf3 Nc6 3. Bc4 Nf6 4. d4 exd4 5. e5 Bb4+ 6. c3 Nxe5 7. Nxe5 Qe7 8.
cxb4 Qxe5+ 9. Qe2 Qxe2+ 10. Bxe2 Nd5 11. Bd2 O-O 12. O-O Re8 13. Bf3 Nb6 14. b3
d6 15. Na3 c6 16. Rfe1 Rd8 17. Re7 Nd7 18. Bf4 Kf8 19. Bxd6 Nf6 20. Rd7+ Ke8
21. Rxd8+ Kxd8 22. Bc5 d3 23. Rd1 Bf5 24. Be2 Kc7 25. Bxd3 Bxd3 26. Rxd3 Re8
27. Kf1 Nd5 28. Nc4 b6 29. Bd6+ Kd7 30. Bg3 Ke6 31. a3 g5 32. Ne3 Rc8 33. Nxd5
cxd5 34. Ke2 f5 35. f4 Rc2+ 36. Rd2 Rc3 37. fxg5 Rxb3 38. Rd3 Rb2+ 39. Kf3 d4
40. Bf2 Ra2 41. h4 f4 42. Bxd4 Kd5 43. Bf6+ Kc4 44. Rc3+ 1-0

[Event "2022 Mary Thomson Cup (Division A)"]
[Site "Woodvale, Perth WA AUS"]
[Date "2022.02.23"]
[Round "4"]
[White "Clarke, Daniel"]
[Black "Stortz, Robert"]
[Result "0-1"]
[WhiteElo "1748"]
[BlackElo "1938"]
[PlyCount "66"]
[EventDate "2022.02.02"]
[EventType "swiss"]
[EventRounds "7"]
[EventCountry "AUS"]

1. e4 c6 2. d4 d5 3. Nd2 dxe4 4. Nxe4 Bf5 5. Ng3 Bg6 6. h4 h6 7. Nf3 Nd7 8. h5
Bh7 9. Bd3 Bxd3 10. Qxd3 e6 11. Bf4 Ngf6 12. O-O-O Be7 13. Kb1 Nd5 14. Bd2 Qc7
15. Ne4 O-O-O 16. g3 N5f6 17. Bf4 Qb6 18. Nd6+ Bxd6 19. Bxd6 Rhe8 20. Ne5 Nxe5
21. dxe5 Ng4 22. Qa3 Nxf2 23. Bc5 Nxh1 24. Rxh1 Qa6 25. Qe3 Qc4 26. Bd6 Qa6 27.
Bc5 Rd7 28. b3 Red8 29. Rh4 Rd5 30. Bd6 f6 31. Be7 Rxe5 32. Qc3 Rd1+ 33. Kb2
Ree1 0-1

[Event "2022 Mary Thomson Cup (Division B)"]
[Site "Woodvale, Perth WA AUS"]
[Date "2022.02.23"]
[Round "4"]
[White "Walker, Colin"]
[Black "Oswald, Franz"]
[Result "1/2-1/2"]
[WhiteElo "1425"]
[BlackElo "1505"]
[PlyCount "167"]
[EventDate "2022.02.02"]
[EventType "tourn"]
[EventRounds "7"]
[EventCountry "AUS"]

1. d4 Nf6 2. c4 e6 3. a3 d5 4. e3 c5 5. Nc3 Nc6 6. Nf3 a6 7. Be2 dxc4 8. Bxc4
b5 9. Be2 cxd4 10. exd4 Be7 11. Bg5 O-O 12. O-O Bb7 13. h3 Nd5 14. Bxe7 Ndxe7
15. b4 Rc8 16. d5 Nxd5 17. Nxd5 Qxd5 18. Qxd5 exd5 19. Rfd1 Rfd8 20. Kf1 Ne7
21. a4 bxa4 22. Rxa4 Rd6 23. Nd4 Rb6 24. b5 axb5 25. Bxb5 g6 26. Be2 Rd8 27.
Ra3 Nc6 28. Raa1 Nxd4 29. Rxd4 Bc8 30. f3 Be6 31. Ra2 Kf8 32. Rad2 Rbd6 33. Kf2
Ke7 34. h4 Rc8 35. g3 Rb8 36. Kg2 Rdb6 37. Kf2 Rb2 38. g4 Rxd2 39. Rxd2 Kf6 40.
f4 Rb3 41. Bf3 Rb5 42. Kg3 Ke7 43. f5 gxf5 44. gxf5 Bxf5 45. Bxd5 Be6 46. Be4
f5 47. Bg2 Rb3+ 48. Kf4 Rb4+ 49. Kg3 Kf6 50. Rc2 Rb5 51. Rc7 h6 52. Rh7 Kg6 53.
Re7 Bf7 54. Rc7 Rb6 55. Rc6+ Rxc6 56. Bxc6 Bb3 57. Bf3 Kf6 58. Kf4 Bc2 59. Bh5
Be4 60. Be8 Bd3 61. Bh5 Bc2 62. Bf3 Kg6 63. Be2 Be4 64. Bf1 Kf6 65. Bh3 Ke6 66.
Bf1 Kf6 67. Bh3 Bc2 68. h5 Bd3 69. Bg2 Bc4 70. Bh3 Be6 71. Bg2 Bf7 72. Bh3 Bxh5
73. Bxf5 Bd1 74. Bh3 h5 75. Kg3 Kg5 76. Kh2 Kf4 77. Bc8 Bg4 78. Bb7 h4 79. Bc6
Ke3 80. Bb7 Kf2 81. Bc6 Ke3 82. Bb5 Kf4 83. Bc6 Be2 84. Bd7 1/2-1/2

[Event "2022 Mary Thomson Cup (Division B)"]
[Site "Woodvale, Perth WA AUS"]
[Date "2022.02.23"]
[Round "4"]
[White "Leech, Martin"]
[Black "Weijermars, Tristan"]
[Result "0-1"]
[WhiteElo "1430"]
[BlackElo "1459"]
[PlyCount "96"]
[EventDate "2022.02.02"]
[EventType "tourn"]
[EventRounds "7"]
[EventCountry "AUS"]

1. e4 c5 2. d4 cxd4 3. c3 dxc3 4. Nxc3 Nc6 5. Nf3 e6 6. Bc4 Bb4 7. O-O Nge7 8.
a3 Bxc3 9. bxc3 O-O 10. Be3 b6 11. Qc2 Bb7 12. Rfd1 Qc7 13. Rab1 Ne5 14. Nxe5
Qxe5 15. f3 d5 16. Bd4 Qg5 17. exd5 Nxd5 18. Bd3 h6 19. Re1 Rac8 20. c4 Rfd8
21. Re5 Qe7 22. Qd2 Nf6 23. Be3 Qxa3 24. Rd1 Rd7 25. Bxh6 Rxd3 26. Qg5 Rxd1+
27. Kf2 Qf8 28. Qg3 Rc5 29. Re2 Rxc4 30. Ra2 Qc5+ 31. Ke2 Rc2+ 32. Kxd1 Rc1+
33. Bxc1 Qd5+ 34. Rd2 Qb3+ 35. Ke1 Qe3+ 36. Kd1 Bd5 37. Qb8+ Kh7 38. Re2 Bb3+
39. Rc2 Qd3+ 40. Bd2 Qf1+ 41. Be1 Bxc2+ 42. Kxc2 Qxe1 43. Qxa7 Qe2+ 44. Kb3
Qe3+ 45. Kb2 Kg6 46. Qc7 Qd4+ 47. Kb3 Qb4+ 48. Kc2 Qc5+ 0-1